LEADER 01006nam0 22002771i 450 001 UON00334305 005 20231205104232.865 010 $a84-7639-015-7 100 $a20090929d1985 |0itac50 ba 101 $aspa 102 $aES 105 $a|||| 1|||| 200 1 $aContracorrientes$fJuan Goytisolo 210 $a[Barcelona]$cMontesinos$d[1985?] 215 $a235 p.$d20 cm. 410 1$1001UON00334311$12001 $aViuso tundali/ contemporáneos $1210 $aBarcelona 620 $aES$dBarcelona$3UONL003004 676 $a863$cNarrativa spagnola$v21 700 1$aGOYTISOLO$bJuan$3UONV118524$0131792 712 $aMontesinos Editor$3UONV268527$4650 801 $aIT$bSOL$c20240220$gRICA 899 $aSIBA - SISTEMA BIBLIOTECARIO DI ATENEO$2UONSI 912 $aUON00334305 950 $aSIBA - SISTEMA BIBLIOTECARIO DI ATENEO$dSI SPA IV 0178 $eSI LO 31958 5 0178 996 $aContracorrientes$91365401 997 $aUNIOR LEADER 01327nam0 22003131i 450 001 UON00197237 005 20231205103238.644 010 $a04-15-05461-3 100 $a20030730d1990 |0itac50 ba 101 $aeng 102 $aGB 105 $a|||| ||||| 200 1 $aChanging our own words$eessays on criticism, theory, and writing by black women$fCheryl A. Wall, editor 210 $aLondon$aNew York$cRoutledge$d1990 215 $a253 p.$d22 cm. - 606 $aSCRITTRICI AFROAMERICANE$xSaggi$3UONC101315$2FI 620 $aUS$dNew York$3UONL000050 620 $aGB$dLondon$3UONL003044 676 $a810.9896073$cLetteratura americana. Storia, descrizione, studio critico. Letteratura per e di Afroamericani (Neri degli Stati Uniti)$v21 700 1$aHALL$bCheryl A.$3UONV117321$01590019 712 02$aRoutledge$3UONV248939 791 02$aRoutledge & Sons, LTD$zRoutledge$3UONV248940 791 02$aG. Routledge & sons Ltd$zRoutledge$3UONV248941 801 $aIT$bSOL$c20240220$gRICA 899 $aSIBA - SISTEMA BIBLIOTECARIO DI ATENEO$2UONSI 912 $aUON00197237 950 $aSIBA - SISTEMA BIBLIOTECARIO DI ATENEO$dSI AME VI c 2.71 0311 $eSI LO 45241 5 0311 $sBuono 996 $aChanging our own words$93897832 997 $aUNIOR